000 00819nam a2200217 a 4500
003 0
005 20250301111644.0
008 100902s19uu xx 00 eng d
050 _aPGS LB 3013
_b.L477 2010
100 _aLee, Ji Won.
245 _aPerception of students and parents on following rules /
_cJi Won Lee.
260 _aLas PiƱas City, Philippines :
_bSouthville International School and Colleges,
_c2010.
300 _a23 pages :
_billustrations ;
_c28 cm.
504 _aIncludes bibliographical references.
650 _aSchool discipline
_vStudent attitudes.
650 _aSchool discipline
_vParent attitudes.
650 _aSchool rules
_vPsychological aspects.
650 _aHome and school
_vParental involvement.
650 _aParent and child
_vAttitudes toward authority.
942 _2lcc
_cPASS
999 _c98344
_d98344